| 000 | 00465nam a2200181Ia 4500 | ||
|---|---|---|---|
| 001 | 45326 | ||
| 008 | 140428s9999 xx 000 0 und d | ||
| 020 | _aNA | ||
| 040 | _cPK-LaUMT | ||
| 082 |
_aRHC 891.439809 _bAHS-N |
||
| 100 | _aAhsan Marahvi | ||
| 245 |
_aNumoonah mansoraat (Urdu) _cAhsan Marahvi |
||
| 260 |
_aIslamabad,Pakistan: _bMuqtaddara Qaumi Zuban, _c1986 |
||
| 300 | _a610 p. | ||
| 546 | _aUR | ||
| 650 | _aPakistani literature-Urdu | ||
| 942 | _cBK | ||
| 999 |
_c43294 _d43294 |
||